| 000 | 00449cam a2200181ua 4500 | ||
|---|---|---|---|
| 020 | _c0.75 | ||
| 041 |
_ahin _h |
||
| 082 |
_a891.54 _bNIH/SH |
||
| 100 | _aNihalchand, Varma . | ||
| 245 |
_aShishu sreeram kadha / _cNihal chand varma. _hTextual Documents |
||
| 250 |
_a1 / _b. |
||
| 260 |
_aVaranasi : _bHindi Pracharak Pusthakalayam , _c1966. |
||
| 300 | _a80 ; . | ||
| 365 | _a0.75 | ||
| 504 | _a | ||
| 942 | _cBK | ||
| 999 |
_c8344 _d8344 |
||